000 nam a22 a 4500
999 _c1357
_d1357
005 20170509114407.0
008 170509b1985 enk||||| |||| 00| 0 eng d
020 _a0138178585
_cNo price
040 _aAKMAL
082 _219
_a302 FRE
090 _a302
_bFRE
100 _aFreedman, Jonathan L.
_d1937-
_92662
245 1 0 _aSocial psychology.
250 _a5th ed. /
_bDavid O. Sears, Jonathan L. Freedman, Letitia Anne Peplau.
260 _aEnglewood Cliffs
_aLondon
_bPrentice-Hall
_cc1985.
300 _a xi,531p.
_bill., ports
_c25cm
500 _aPrevious ed.: 1981.
500 _aBibliography: p495-521. _ Includes index.
650 _aSocial psychology.
_91237
700 _aSears, David O.
_q(David O'Keefe)
_92663
700 _aPeplau, Letitia Anne.
_92664
852 4 1 _aBritish Library
_bDSC
852 4 1 _aBritish Library
_bHMNTS
942 _2ddc
_cBOOK